000 00825cab a2200241 4500
001 ABS49339
008 090401t xxu||||| |||| 00| 0 eng d
035 _a(Sirsi) u70961
041 _aeng
245 _aEast v West making comparisons
350 _a0
490 _aKonstrukt Germany
_v2(2) 2nd Quarter 18-20(3)
520 _aProfiles the European Construction Cost Database comparing the price of construction in seven different countries in Central and Eastern Europe. ("ECAS-Eurozentrale" available for reference in the library)
650 _aCONSTRUCTION COSTS
650 _aCOSTS
650 _aDATABASE
650 _aEUROPE
690 _aBUILT ENVIRONMENT-BUILDING COSTS
690 _aMANAGEMENT-BUSINESS MANAGEMENT-INFORMATION MANAGEMENT
690 _aOVERSEAS-EUROPE
942 _n0
948 _c04/03/1997
999 _c44708
_d44708